| 000 | 01284nam a22003737a 4500 | ||
|---|---|---|---|
| 001 | 6518 | ||
| 003 | FISKH | ||
| 005 | 20250507155857.0 | ||
| 008 | 250507b cb ||||| |||| 00| 0 eng d | ||
| 020 | _a0488190931 | ||
| 020 | _a0448190893 (pbk.) | ||
| 020 | _a070918190896 | ||
| 024 | 1 | _a070918190933 | |
| 024 | 1 | _a070918190896 (pbk.) | |
| 040 |
_aDLC _cDLC _beng |
||
| 050 | _aPZ7.B151 L | ||
| 082 | _a480 | ||
| 100 | 1 |
_aBailey, Carolyn Sherwin, _d1875-1961. |
|
| 245 | 1 | 4 |
_aThe little rabbit who wanted red wings / _cby Carolyn Sherwin Bailey ; illustrated Jacqueline Rogers |
| 260 |
_aNew York : _bPlatt & Munk, _c1988. |
||
| 300 |
_a32 unnumbered pages : _bcolor illutrations ; _e21 cm |
||
| 490 | 0 | _aAll-aboard books | |
| 505 | _aN | ||
| 520 | _aA discontented little rabbit wishes for a pair of red wings, but the reaction of his mother and the other animals convinces him that it is better just to be himself. | ||
| 521 |
_a540
_bLexile |
||
| 521 |
_aN
_bRaz-Plus |
||
| 650 | 0 |
_aRabbits _vJuvenile fiction. |
|
| 650 | 0 |
_aAnimals _vJuvenile fiction. |
|
| 650 | 0 |
_aSelf-acceptance _vJuvenile fiction. |
|
| 700 |
_aRogers, Jacqueline _eillustrator |
||
| 906 |
_a7 _bcbc _corignew _d3 _encip _f20 _gy-soundrec |
||
| 942 |
_2ddc _cBK _n0 |
||
| 999 |
_c6518 _d6518 |
||